[Event "CZE-chT2E 2122"]
[Site "Czech Republic"]
[Date "2022.01.16"]
[Round "6.3"]
[White "Cagasik, Tomas"]
[Black "Kisa, Lubomir"]
[Result "1/2-1/2"]
[WhiteElo "2138"]
[BlackElo "2178"]
[PlyCount "75"]
[EventDate "2021.10.17"]
[EventType "team-tourn"]
[EventRounds "11"]
[EventCountry "CZE"]
[SourceTitle "EXT 2024"]
[Source "ChessBase"]
[SourceDate "2023.10.10"]
[SourceVersion "1"]
[SourceVersionDate "2023.10.10"]
[SourceQuality "1"]
[WhiteTeam "Kromeriz Slavia II"]
[BlackTeam "Brno VSK Univ"]
[WhiteTeamCountry "CZE"]
[BlackTeamCountry "CZE"]

1. Nf3 d5 2. b3 Nf6 3. Bb2 Bf5 4. g3 e6 5. Bg2 Nbd7 6. c4 c6 7. 0-0 Bd6 8. d4 Qe7 9. Nbd2 Ba3 10. Qc1 Bxb2 11. Qxb2 h6 12. Ne5 0-0 13. Ndf3 Be4 14. c5 Nxe5 15. Nxe5 Bxg2 16. Kxg2 Nd7 17. Nxd7 Qxd7 18. b4 a5 19. a3 Rfb8 20. Rfb1 b5 21. bxa5 Rxa5 22. a4 Qa7 23. axb5 Rbxb5 24. Qc3 e5 25. Rxb5 Rxa1 26. Rb6 exd4 27. Qxd4 Ra4 28. Qb2 Qe7 29. Rxc6 Rc4 30. Rc8+ Kh7 31. Qb1+ g6 32. Qb2 d4 33. c6 Qe6 34. Qb7 Qe4+ 35. Kh3 Qe6+ 36. Kg2 Qe4+ 37. Kh3 Qe6+ 38. Kg2 1/2-1/2

[Event "Olomouc op 22nd"]
[Site "Olomouc"]
[Date "2019.08.11"]
[Round "2"]
[White "Cagasik, Tomas"]
[Black "Heyne, Jan Hendrik"]
[Result "1/2-1/2"]
[WhiteElo "2118"]
[BlackElo "1860"]
[PlyCount "112"]
[EventDate "2019.08.10"]
[EventType "swiss"]
[EventRounds "9"]
[EventCountry "CZE"]
[SourceTitle "CBM 191 Extra"]
[Source "ChessBase"]
[SourceDate "2019.09.30"]
[SourceVersion "1"]
[SourceVersionDate "2019.09.30"]
[SourceQuality "1"]

1. d4 d5 2. Bf4 Nf6 3. e3 c5 4. c3 Nc6 5. Nf3 Qb6 6. Qc1 Bf5 7. Nh4 Bd7 8. Bd3 Rc8 9. Nd2 Nh5 10. Be5 f6 11. Be2 fxe5 12. Bxh5+ g6 13. dxc5 Qxc5 14. Be2 Bg7 15. Nhf3 Qd6 16. Qd1 0-0 17. 0-0 Rcd8 18. Qb3 Na5 19. Qb4 Nc6 20. Qxd6 exd6 21. Nb3 Ne7 22. Rfd1 Bc6 23. Na5 Nf5 24. Rd2 Bh6 25. Rc2 Kh8 26. a4 Rc8 27. Ne1 d4 28. Nxc6 Rxc6 29. cxd4 exd4 30. Rxc6 bxc6 31. g4 Ne7 32. exd4 Rb8 33. Ra2 Nd5 34. Bf3 Nb4 35. Ra3 Bg7 36. Rb3 Bxd4 37. Nc2 Bc5 38. Nxb4 Rxb4 39. Rxb4 Bxb4 40. Bxc6 Kg7 41. Kg2 Kf6 42. f4 h6 43. h4 g5 44. fxg5+ hxg5 45. h5 Kg7 46. Kf3 Kh6 47. Ke4 a5 48. Kf5 Bc5 49. b3 Bb4 50. Ke6 Bc5 51. Bd5 Bb4 52. Kd7 Bc5 53. Kc6 Ba3 54. Kb5 Bb4 55. Kc4 Bc5 56. b4 Bxb4 1/2-1/2

[Event "Olomouc op 22nd"]
[Site "Olomouc"]
[Date "2019.08.10"]
[Round "1"]
[White "Kolmas, Oldrich"]
[Black "Cagasik, Tomas"]
[Result "0-1"]
[WhiteElo "1766"]
[BlackElo "2118"]
[PlyCount "122"]
[EventDate "2019.08.10"]
[EventType "swiss"]
[EventRounds "9"]
[EventCountry "CZE"]
[SourceTitle "CBM 191 Extra"]
[Source "ChessBase"]
[SourceDate "2019.09.30"]
[SourceVersion "1"]
[SourceVersionDate "2019.09.30"]
[SourceQuality "1"]

1. e4 b6 2. d4 Bb7 3. Nc3 e6 4. Be3 Bb4 5. Bd3 Nf6 6. f3 d5 7. e5 Nfd7 8. Nge2 c5 9. Ng3 cxd4 10. Bxd4 Nc6 11. Bb5 Nxd4 12. Bxd7+ Qxd7 13. Qxd4 Bc5 14. Qd3 g6 15. 0-0-0 0-0-0 16. Rhe1 Kb8 17. Nge4 Be7 18. Nd2 Rc8 19. a3 Qc6 20. Ne2 Ba6 21. Qb3 Bc5 22. Kb1 Bf2 23. Nc1 Bxe1 24. Rxe1 Qc5 25. Nd3 Qd4 26. Qb4 Qxb4 27. Nxb4 Bb7 28. Nb3 g5 29. Nd4 h5 30. g3 a5 31. Na2 Ba6 32. Nc3 Rc4 33. Ncb5 Bxb5 34. Nxb5 Rf8 35. c3 Rc5 36. Nd4 Kc8 37. Kc2 Kd7 38. Kd3 Rb8 39. Re2 Rcc8 40. Nb5 Ke7 41. Nd4 Rb7 42. Nb5 Rd7 43. Nd4 Rdc7 44. Nb5 Rc5 45. a4 Rf8 46. Nd4 Kd7 47. Re1 Rcc8 48. Re2 f6 49. Re1 f5 50. Rg1 g4 51. f4 Rh8 52. Rg2 h4 53. Re2 hxg3 54. hxg3 Rh1 55. Rg2 Rch8 56. Ke3 Re1+ 57. Kd3 Rhh1 58. Kc2 Ra1 59. Kd3 Rxa4 60. b3 Raa1 61. Nb5 Rag1 0-1

[Event "CZE-chT1E 1819"]
[Site "Czech Republic"]
[Date "2019.03.24"]
[Round "10.8"]
[White "Babula, Vlastimil1111"]
[Black "Cagasik, Tomas"]
[Result "1/2-1/2"]
[WhiteElo "1865"]
[BlackElo "2166"]
[PlyCount "157"]
[EventDate "2018.10.21"]
[EventType "team-tourn"]
[EventRounds "11"]
[EventCountry "CZE"]
[SourceTitle "CBM 189 Extra"]
[Source "ChessBase"]
[SourceDate "2019.06.03"]
[SourceVersion "1"]
[SourceVersionDate "2019.06.03"]
[SourceQuality "1"]
[WhiteTeam "Stare Mesto"]
[BlackTeam "Kromeriz"]
[WhiteTeamCountry "CZE"]
[BlackTeamCountry "CZE"]

1. e4 b6 2. d4 Bb7 3. Bd3 Nf6 4. f3 Nc6 5. c3 e5 6. Ne2 Be7 7. 0-0 0-0 8. Be3 d6 9. Bb5 a6 10. Ba4 Qc8 11. Ng3 Bd8 12. Nd2 Ne7 13. Bb3 Ng6 14. Nc4 Bc6 15. Qc2 Bd7 16. Rad1 Be6 17. Nd2 h6 18. Rde1 Nh7 19. Ne2 Bg5 20. f4 exf4 21. Nxf4 Bxb3 22. Qxb3 Bxf4 23. Bxf4 Qe6 24. Qxe6 fxe6 25. Bg3 Rf6 26. Rxf6 gxf6 27. d5 e5 28. Rf1 Ne7 29. Bh4 Kf7 30. Nf3 Rc8 31. Kf2 c6 32. dxc6 Rxc6 33. Ke3 Ke6 34. g4 d5 35. Nd2 b5 36. a3 a5 37. h3 b4 38. cxb4 axb4 39. a4 Rc2 40. Rb1 dxe4 41. Nxe4 Rc4 42. Nd2 Nd5+ 43. Ke2 Nf4+ 44. Kd1 Rc8 45. a5 Kd5 46. a6 Ra8 47. Ra1 Nxh3 48. Ra5+ Kc6 49. Nc4 Nf4 50. Bf2 Ne6 51. Nb6 Ra7 52. Nc8 Rc7 53. a7 Rxc8 54. a8Q+ Rxa8 55. Rxa8 Nhg5 56. Rb8 Ne4 57. Be3 N6g5 58. Rxb4 Kd5 59. Ke2 Nf7 60. Kd3 Ned6 61. Ra4 e4+ 62. Kc3 Ne5 63. Bxh6 Nxg4 64. Ra5+ Ke6 65. Bf4 Nb7 66. Rb5 Nd8 67. Kd4 f5 68. Rb6+ Kd7 69. Kd5 e3 70. Rd6+ Kc8 71. Bg5 Nf7 72. Rc6+ Kd7 73. Bh4 Nge5 74. Ra6 Nf3 75. Ra7+ Kc8 76. Bg3 N7g5 77. Re7 Ne4 78. Rxe4 fxe4 79. Kxe4 1/2-1/2

[Event "CZE-chT2E 1819"]
[Site "Czech Republic"]
[Date "2019.02.10"]
[Round "8.2"]
[White "Babula, Milan"]
[Black "Cagasik, Tomas"]
[Result "1/2-1/2"]
[WhiteElo "2228"]
[BlackElo "2166"]
[PlyCount "79"]
[EventDate "2018.10.14"]
[EventType "team-tourn"]
[EventRounds "11"]
[EventCountry "CZE"]
[SourceTitle "EXT 2022"]
[Source "ChessBase"]
[SourceDate "2021.10.06"]
[SourceVersion "1"]
[SourceVersionDate "2021.10.06"]
[SourceQuality "1"]
[WhiteTeam "Vlcnov"]
[BlackTeam "Kromeriz Slavia II"]
[WhiteTeamCountry "CZE"]
[BlackTeamCountry "CZE"]

1. e4 c5 2. Nf3 e6 3. d4 cxd4 4. Nxd4 Nf6 5. Nc3 Bb4 6. e5 Nd5 7. Bd2 Bxc3 8. bxc3 Qc7 9. f4 a6 10. Qf3 g6 11. Bd3 Ne7 12. Be4 Nbc6 13. 0-0 0-0 14. h4 d6 15. exd6 Qxd6 16. Be3 f5 17. Bxc6 Nxc6 18. Rfd1 Nxd4 19. Bxd4 Qc6 20. Qxc6 bxc6 21. Bc5 Re8 22. Rab1 e5 23. fxe5 Rxe5 24. Rd8+ Kf7 25. Bd6 Re8 26. Rxe8 Kxe8 27. Re1+ Kf7 28. Re7+ Kf6 29. Rxh7 Be6 30. a3 Bd5 31. Bf4 Re8 32. Bg5+ Ke5 33. g3 Kd6 34. Rf7 Re4 35. a4 Kc5 36. Ra7 Re6 37. Rb7 Kc4 38. Bd2 c5 39. Rb8 Be4 40. Be3 1/2-1/2

[Event "CZE-chT1E 1819"]
[Site "Czech Republic"]
[Date "2019.02.03"]
[Round "7.8"]
[White "Chmelicek, Bronislav"]
[Black "Cagasik, Tomas"]
[Result "0-1"]
[WhiteElo "1949"]
[BlackElo "2166"]
[PlyCount "56"]
[EventDate "2018.10.21"]
[EventType "team-tourn"]
[EventRounds "11"]
[EventCountry "CZE"]
[SourceTitle "CBM 188 Extra"]
[Source "ChessBase"]
[SourceDate "2019.02.26"]
[SourceVersion "1"]
[SourceVersionDate "2019.02.26"]
[SourceQuality "1"]
[WhiteTeam "Jundrov Jezdci"]
[BlackTeam "Kromeriz"]
[WhiteTeamCountry "CZE"]
[BlackTeamCountry "CZE"]

1. e4 c6 2. d4 d5 3. exd5 cxd5 4. c4 Nc6 5. Nf3 Nf6 6. Nc3 e6 7. cxd5 Nxd5 8. Bd3 Be7 9. 0-0 g5 10. Re1 h6 11. Ne5 Nxe5 12. Rxe5 Bd6 13. Nb5 Bb8 14. Re1 a6 15. Na3 b5 16. Qh5 Qf6 17. Be3 Bd6 18. Be4 Bb7 19. Rac1 Rb8 20. Qf3 Qxf3 21. Bxf3 Kd7 22. Nc2 Rhc8 23. Na1 Bb4 24. Rxc8 Bxc8 25. Re2 Bb7 26. Rc2 Bd6 27. Nb3 Nb4 28. Nc5+ Ke7 0-1

[Event "CZE-chT2E 1819"]
[Site "Czech Republic"]
[Date "2019.01.27"]
[Round "7.2"]
[White "Cagasik, Tomas"]
[Black "Worek, Joanna"]
[Result "0-1"]
[WhiteElo "2166"]
[BlackElo "2270"]
[PlyCount "74"]
[EventDate "2018.10.14"]
[EventType "team-tourn"]
[EventRounds "11"]
[EventCountry "CZE"]
[SourceTitle "EXT 2022"]
[Source "ChessBase"]
[SourceDate "2021.10.06"]
[SourceVersion "1"]
[SourceVersionDate "2021.10.06"]
[SourceQuality "1"]
[WhiteTeam "Kromeriz Slavia II"]
[BlackTeam "Kunovice"]
[WhiteTeamCountry "CZE"]
[BlackTeamCountry "CZE"]

1. e4 c5 2. Nf3 Nc6 3. Bb5 g6 4. Bxc6 dxc6 5. d3 Bg7 6. Nc3 e5 7. Be3 Qe7 8. Qd2 h6 9. Na4 b6 10. a3 Nf6 11. Qc3 0-0 12. b4 Nd5 13. Qd2 Nxe3 14. fxe3 Be6 15. 0-0 Rfd8 16. Qc3 cxb4 17. axb4 Qc7 18. Nb2 Rdc8 19. Rf2 b5 20. Ra5 a6 21. Qc5 Bf8 22. Qc3 Qd6 23. Ra1 Qxb4 24. Qxb4 Bxb4 25. Nd1 Bd6 26. d4 exd4 27. exd4 a5 28. Nd2 Be7 29. c4 bxc4 30. Rc1 Rd8 31. Nxc4 Rxd4 32. Ne5 Rxe4 33. Nxc6 Bg5 34. Ra1 a4 35. Rc2 Bb3 36. Rf2 Bxd1 37. Rxd1 Be3 0-1

[Event "CZE-chT2E 1819"]
[Site "Czech Republic"]
[Date "2018.11.18"]
[Round "3.2"]
[White "Mikes, Jan"]
[Black "Cagasik, Tomas"]
[Result "1-0"]
[WhiteElo "2307"]
[BlackElo "2166"]
[PlyCount "71"]
[EventDate "2018.10.14"]
[EventType "team-tourn"]
[EventRounds "11"]
[EventCountry "CZE"]
[SourceTitle "EXT 2022"]
[Source "ChessBase"]
[SourceDate "2021.10.06"]
[SourceVersion "1"]
[SourceVersionDate "2021.10.06"]
[SourceQuality "1"]
[WhiteTeam "Prusanky Podluzan"]
[BlackTeam "Kromeriz Slavia II"]
[WhiteTeamCountry "CZE"]
[BlackTeamCountry "CZE"]

1. e4 d5 2. exd5 Qxd5 3. Nc3 Qd8 4. d4 g6 5. Be3 Bg7 6. Nf3 Nf6 7. Bc4 c6 8. a4 Nd5 9. 0-0 Bg4 10. h3 Bxf3 11. Qxf3 e6 12. Ne4 h6 13. a5 0-0 14. Nc5 Qc8 15. Bb3 Nd7 16. Nd3 Nxe3 17. Qxe3 Qc7 18. Rfd1 Rad8 19. c4 Nb8 20. Nc5 Nd7 21. Ne4 c5 22. d5 Qe5 23. Ba4 exd5 24. Rxd5 Qxb2 25. Rad1 Bd4 26. Qxh6 Qe2 27. Qf4 Rfe8 28. Ng3 Qe7 29. Qc7 Be5 30. Qxb7 Bxg3 31. fxg3 Qe3+ 32. Kh2 Nf6 33. Bxe8 Rxe8 34. R5d3 Qf2 35. Rf3 Ng4+ 36. hxg4 1-0

[Event "Olomouc Summmer op 21st"]
[Site "Olomouc"]
[Date "2018.08.18"]
[Round "9"]
[White "Cagasik, Tomas"]
[Black "Tovarek, Antonin"]
[Result "1-0"]
[WhiteElo "2180"]
[BlackElo "1999"]
[PlyCount "69"]
[EventDate "2018.08.11"]
[EventType "swiss"]
[EventRounds "9"]
[EventCountry "CZE"]
[SourceTitle "CBM 186 Extra"]
[Source "ChessBase"]
[SourceDate "2018.08.24"]
[SourceVersion "1"]
[SourceVersionDate "2018.08.24"]
[SourceQuality "1"]

1. d4 Nf6 2. Bf4 e6 3. e3 Be7 4. Bd3 b6 5. Nd2 Bb7 6. e4 d6 7. Ngf3 0-0 8. h4 d5 9. e5 Ne4 10. Ng5 h6 11. Ngxe4 dxe4 12. Bxe4 Bxe4 13. Nxe4 f5 14. exf6 Bxf6 15. Be3 Nc6 16. Qg4 Qe7 17. 0-0-0 Rad8 18. c3 Rd5 19. Bxh6 e5 20. Bg5 Kf7 21. Qf3 Rfd8 22. Rde1 Ke6 23. Qg4+ Kf7 24. f4 Nxd4 25. cxd4 Rxd4 26. fxe5 Qb4 27. exf6 g6 28. Qe2 Rc4+ 29. Nc3 Rxc3+ 30. Kb1 Rc6 31. Qe7+ Qxe7 32. fxe7 Re8 33. Rhf1+ Kg7 34. Rf8 Rxe7 35. Bxe7 1-0

[Event "Olomouc Summmer op 21st"]
[Site "Olomouc"]
[Date "2018.08.17"]
[Round "8"]
[White "Valenta, Vit"]
[Black "Cagasik, Tomas"]
[Result "1-0"]
[WhiteElo "2085"]
[BlackElo "2180"]
[PlyCount "76"]
[EventDate "2018.08.11"]
[EventType "swiss"]
[EventRounds "9"]
[EventCountry "CZE"]
[SourceTitle "CBM 186 Extra"]
[Source "ChessBase"]
[SourceDate "2018.08.24"]
[SourceVersion "1"]
[SourceVersionDate "2018.08.24"]
[SourceQuality "1"]

1. e4 c6 2. d4 d6 3. Nc3 Nf6 4. Nf3 Bg4 5. Be2 e6 6. Bg5 Be7 7. 0-0 d5 8. exd5 Nxd5 9. Bxe7 Qxe7 10. Nxd5 cxd5 11. h3 Bxf3 12. Bxf3 0-0 13. c3 Nc6 14. Re1 Qd6 15. Qb3 Rab8 16. a4 Na5 17. Qc2 Qc7 18. Be2 Rbc8 19. Bd3 g6 20. h4 Nc6 21. Qd2 Rfe8 22. h5 Kg7 23. Bb5 a6 24. Bxc6 bxc6 25. b4 a5 26. Rab1 Rb8 27. bxa5 Ra8 28. h6+ Kg8 29. Qg5 Qd8 30. Qe5 f6 31. Qf4 Kf7 32. Rb7+ Re7 33. Reb1 g5 34. Qh2 Kg6 35. Rb8 Qxa5 36. g4 f5 37. Qe5 Rxb8 38. Rxb8 Kxh6 1-0

[Event "Olomouc Summmer op 21st"]
[Site "Olomouc"]
[Date "2018.08.15"]
[Round "6"]
[White "Schmuki, Roman"]
[Black "Cagasik, Tomas"]
[Result "0-1"]
[WhiteElo "2009"]
[BlackElo "2180"]
[PlyCount "80"]
[EventDate "2018.08.11"]
[EventType "swiss"]
[EventRounds "9"]
[EventCountry "CZE"]
[SourceTitle "CBM 186 Extra"]
[Source "ChessBase"]
[SourceDate "2018.08.24"]
[SourceVersion "1"]
[SourceVersionDate "2018.08.24"]
[SourceQuality "1"]

1. e4 c6 2. d4 d6 3. Nf3 Nf6 4. Bd3 Bg4 5. Nbd2 Nbd7 6. h3 Bh5 7. Nf1 e6 8. Ng3 Bg6 9. 0-0 d5 10. e5 Ng8 11. c3 Ne7 12. Ne1 c5 13. Kh2 c4 14. Bc2 Qc7 15. f4 Bxc2 16. Qxc2 g6 17. b3 h5 18. Nf3 h4 19. Ne2 Nf5 20. Ng5 Be7 21. a4 cxb3 22. Qxb3 Rc8 23. Rb1 b6 24. a5 bxa5 25. Qb7 Nb6 26. Qa6 a4 27. Ra1 Qc4 28. Qxc4 Rxc4 29. Rf3 a3 30. Bxa3 Ra4 31. Bb2 Rxa1 32. Bxa1 Nc4 33. Rf1 Bxg5 34. fxg5 Kd7 35. Nf4 a5 36. Nd3 Rh5 37. Bb2 Rxg5 38. Bc1 Rg3 39. Nc5+ Kc6 40. Bf4 Rxc3 0-1

[Event "Olomouc Summmer op 21st"]
[Site "Olomouc"]
[Date "2018.08.12"]
[Round "2"]
[White "Musil, Vitezslav"]
[Black "Cagasik, Tomas"]
[Result "0-1"]
[WhiteElo "1965"]
[BlackElo "2180"]
[PlyCount "102"]
[EventDate "2018.08.11"]
[EventType "swiss"]
[EventRounds "9"]
[EventCountry "CZE"]
[SourceTitle "CBM 186 Extra"]
[Source "ChessBase"]
[SourceDate "2018.08.24"]
[SourceVersion "1"]
[SourceVersionDate "2018.08.24"]
[SourceQuality "1"]

1. Nf3 Nf6 2. c4 c5 3. Nc3 Nc6 4. g3 d6 5. Bg2 Bf5 6. d3 Qd7 7. Nd5 Nxd5 8. cxd5 Nb4 9. a3 Na6 10. 0-0 Bh3 11. Bxh3 Qxh3 12. Qa4+ Qd7 13. Qxd7+ Kxd7 14. Bd2 g6 15. Bc3 Rg8 16. Rab1 Rc8 17. Rfc1 Bh6 18. Bd2 Bxd2 19. Nxd2 Nc7 20. e4 e6 21. dxe6+ Nxe6 22. Nf3 g5 23. h3 h5 24. Kg2 Rgf8 25. b4 b6 26. bxc5 dxc5 27. a4 Ke7 28. a5 Rb8 29. axb6 axb6 30. Ra1 Rb7 31. Rab1 f6 32. Rc3 b5 33. Nd2 b4 34. Ra3 Rd7 35. Ra6 Rxd3 36. Nc4 Rd4 37. Ra7+ Rd7 38. Rba1 Rfd8 39. e5 fxe5 40. Nxe5 Rxa7 41. Rxa7+ Kf6 42. Nd7+ Kf5 43. g4+ hxg4 44. hxg4+ Kxg4 45. Ne5+ Kf5 46. Nc4 Kf6 47. Ne3 Rb8 48. Kf3 b3 49. Ng4+ Kg6 50. Ra6 b2 51. Rxe6+ Kf7 0-1